| 000 | 00663nam a22001817a 4500 | ||
|---|---|---|---|
| 005 | 20251108164230.0 | ||
| 008 | 250721s1976 xx 000 0 ara d | ||
| 082 | 1 | 4 | _a784.49561/نو |
| 100 | 1 | _aنو، نفن بله | |
| 245 | 1 | 0 | _aالمبدأ الأساسي للقصيده العربية في الشكل الموسيقي لأغان شعبية سورية / |
| 264 | 1 |
_aدمشق : _bوزارة الثقافه و الإرشاد القومي، _c1976. |
|
| 300 | _a107ص : جداول ، مراجع | ||
| 650 | 1 | 7 | _aالأغاني الشعبية |
| 650 | 1 | 7 | _aسورية |
| 700 | 1 |
_aالحريري، حسني _eتحقيق |
|
| 942 |
_2ddc _cBK |
||
| 999 |
_c6996 _d6996 |
||